| 000 | 00602nam a2200205Ia 4500 | ||
|---|---|---|---|
| 003 | GCL | ||
| 008 | 140319s9999 xx 000 0 ara d | ||
| 040 |
_aGCL / _cGCL |
||
| 082 | 0 | 4 |
_a181.3 _bم د |
| 100 | 1 | _aموسى بن ميمون القرطبى الاندلسى | |
| 245 | 1 | 0 |
_aدلاله الحائرين / _cموسى بن ميمون القرطبى الاندلسى |
| 700 | 1 | _aحسيث اثاى | |
| 300 | _a764 | ||
| 490 |
_aكتاب _v0 |
||
| 650 | 0 | 4 | _aالفلسفة |
| 650 | 0 | 4 | _aالتلمود |
| 650 | 0 | 4 | _aاليهود |
| 650 | 0 | 4 | _aالفلاسفة اليهود |
| 942 |
_2ddc _cBK |
||
| 999 |
_c41721 _d41721 |
||